Дело об отсылке в Академию наук списков чиновников Санкт-Петербургской и Московской дирекции для внесения в адрес-календарь

Доступно только в Электронных читальных залах Найти на картеНа карте
RUSMARC
00004188nmc2a22000003x 450
00123f6ebdf-0f24-41be-a4eb-e78e9a9107f6
00520181225182908.0
100##$a20170703l18461846k l0rusy0189 ca
1010#$arus
102##$aRU
2001#$aДело об отсылке в Академию наук списков чиновников Санкт-Петербургской и Московской дирекции для внесения в адрес-календарь
$j28 ноября 1846 г.
251##$cДело
300##$aПо Санкт-Петербургской дирекции за 1846 год
300##$aОриг. заголовок дела: Дело о препровождении в Комитет правления Академии наук списков о чиновниках санкт-петербургских и московских театров для внесения в адрес-календарь. 28 ноября 1846 г
801#0$aRU
$bРГИА
$c20170703
$gRCR
801#1$aRU
$bГлавНИВЦ
$c20170703
$2rusmarc
801#2$aRU
$bПБ им. Б.Н. Ельцина
$c20181225
$gRCR
$2rusmarc
850##$aРГИА
852##$aРГИА
$eФедеральное казенное учреждение "Российский государственный исторический архив" (РГИА)
$j10926
937##$hРГИА
$d12247100
$aASBIBLIO_SCAN
462#0$1001dd3991dc-24e1-42ec-8838-ca4255420416
$12001
$a1746-1850 гг.
$1251
$cОпись
$1852
$j1
461#0$10019264ebf8-de62-4f1a-9eb4-9f22098dbbd5
$12001
$aДирекция императорских театров МИДв
$1251
$cФонд
$1852
$j497
215##$a6 л.
$d36,5х26 см
371##$aДокумент не является опубликованным и широко распространяемым
5171#$aДело о препровождении в Комитет правления Академии наук списков о чиновниках санкт-петербургских и московских театров для внесения в адрес-календарь. 28 ноября 1846 г
105##$ay###
1220#$ad
035##$a23f6ebdf-0f24-41be-a4eb-e78e9a9107f6
856##$uhttp://readingroom.main.prlib.ru/item.aspx?id_node=n122354009&mode=full
Формат отображения